Van Land naar Land - Hints #1 - Statistieken

Algemene statistieken
  • Deze quiz is 2.034 keer genomen
  • De gemiddelde score is 9 van 21
Antwoordstatistieken
Hint Land % Correct
Waar de Renaissance ontstaan is Italië
86%
Was tot 2024 het land met de grootste bevolking China
75%
Zijn naam eindigt op "stan" Kazachstan
64%
Heeft een windrichting in zijn naam Oostenrijk
61%
Waar de Magyars wonen Hongarije
51%
Grenst aan de Beringzee Rusland
50%
Waar het eiland Phuket ligt Thailand
47%
Had een grote hongersnood in 1932–33 Oekraïne
41%
Grenst aan de Perzische Golf Iran
40%
Deelt de Rode rivier met bovenstaand land Vietnam
40%
Tamil is één van de 23 talen erkend door de constitutie India
38%
Heeft in de jaren 1980 een oorlog met bovenstaande uitgevochten Irak
36%
De hoofdstad was vroeger Rangoon Myanmar
36%
Waar de berg K2 ligt Pakistan
36%
In 1970 door de Verenigde Staten binnengevallen Cambodja
33%
Heeft waarschijnlijk kernwapens Israël
31%
De grootste stad werd in 2016 door Rusland gebombardeerd Syrië
30%
Werd in 2011 onafhankelijk Zuid-Soedan
29%
De bevolking bereikt naar verwachting in 2050 137 miljoen Egypte
27%
Stroomopwaarts van bovenstaande Soedan
25%
Grenst aan de Atlantische Oceaan Democratische Republiek Congo
18%
Geen overeenkomende quizzen gevonden
Scoreverdeling
Procent van Mensen met Elke Score
Percentiel versus Aantal Correcte Antwoorden
Uw Scoregeschiedenis
U heeft deze quiz nog niet genomen